|
|
|
|
| LEADER |
00895nam a2200241 a 4500 |
| 001 |
3769258 |
| 003 |
BD-DhAAL |
| 008 |
100112s1984 nyu 000 0 eng d |
| 999 |
|
|
|c 6938
|d 6938
|
| 010 |
|
|
|a 83019510
|
| 040 |
|
|
|a DLC
|c DLC
|d DLC
|d OCoLC
|d DLC
|d BD-DhAAL
|
| 082 |
0 |
0 |
|a 194
|2 19
|
| 100 |
1 |
|
|a Foucault, Michel,
|d 1926-1984.
|9 45531
|
| 245 |
1 |
4 |
|a The Foucault reader /
|c edited by Paul Rabinow.
|
| 250 |
|
|
|a First edition
|
| 260 |
|
|
|a New York :
|b Pantheon Books, ;
|b Penguin Books,
|c c1984.
|
| 300 |
|
|
|a viii, 390 pages ;
|c 21 cm.
|
| 541 |
1 |
|
|e 00014144
|
| 650 |
|
0 |
|a Philosophy.
|9 45532
|
| 700 |
1 |
|
|a Rabinow, Paul.
|9 45533
|
| 852 |
4 |
|
|a Ayesha Abed Library
|j General shelf
|
| 942 |
|
|
|2 ddc
|c BK
|
| 952 |
|
|
|0 0
|1 0
|2 ddc
|4 0
|6 194_000000000000000_FOU
|7 0
|9 7171
|a BRACUL
|b BRACUL
|c GEN
|d 2010-01-13
|g 1214.00
|l 5
|m 70
|o 194 FOU
|p 3010014144
|r 2024-12-01
|s 2024-11-11
|t 1
|w 2010-01-13
|y BK
|x Price available in register book.
|